| 000 | 00878nam a2200277 a 4500 | ||
|---|---|---|---|
| 001 | 32663 | ||
| 003 | BD-RjUL | ||
| 005 | 20211209051857.0 | ||
| 008 | 140427s1953 pk b 000 0 eng | ||
| 035 | _a(BD-RjUL)32753 | ||
| 035 | _a(OCoLC)17799316 | ||
| 040 |
_aDLC _cICRL _dDLC _dBD-RjUL _beng |
||
| 041 | _aeng | ||
| 082 |
_a297.63 _bGUM 1953 |
||
| 100 | 1 |
_aGulick, Robert L. _999362 |
|
| 245 | 1 | 0 |
_aMuhammad the educator / _cby Robert L. Gulick |
| 250 | _a1st ed. | ||
| 260 |
_aLahore : _bInstitute of Islamic Culture, _c1953 |
||
| 300 |
_a[4], 117 p. ; _c22 cm. |
||
| 500 | _aAt the head of title:" Institute of Islamic Culture Publications" | ||
| 504 | _aIncludes bibliographical references and index. | ||
| 600 | 0 | 0 |
_aMuḼammad, _cProphet, _d-632 _xInfluence. _9226478 |
| 650 | 0 |
_aIslamic learning and scholarship. _994436 |
|
| 942 |
_2ddc _cRAR |
||
| 999 |
_c32663 _d32663 |
||